Návod na úspech v konkurenčnej súťaži /

Saved in:
Bibliographic Details
Main Author: Maderthaner, Wolfgang (Author)
Format: Book
Language:Slovak
Published: Bratislava : Slovenské pedagogické nakladateľstvo, 1991
Edition:1.vyd.
Tags: Add Tag
No Tags, Be the first to tag this record!

MARC

LEADER 00000nam a22000003a 4500
001 stu896
005 20150617225621.6
008 911218s1991----cs------------------slo-d
020 |a 89-08-01313-3 
040 |a STU  |b slo 
041 0 |a slo 
044 |a cs 
080 |a 339.138  |7 stu_us_auth*stu8219 
080 |a 658.89 
100 1 |a Maderthaner, Wolfgang  |4 aut 
245 1 |a Návod na úspech v konkurenčnej súťaži /  |c [aut.] Maderthaner,Wolfgang 
250 |a 1.vyd. 
260 |a Bratislava :  |b Slovenské pedagogické nakladateľstvo,  |c 1991 
300 |a 157 s 
996 |b E75802  |c R*75802  |l RRUM  |s A  |a 24  |w stu896_0001